[Event "Santo Antonio de Jesus Bahia op"]
[Site "Santo Antonio"]
[Date "2022.07.09"]
[Round "5"]
[White "Dos Santos, Osmario Andrade"]
[Black "Vieira, Luiz Gonzaga Dos Sa"]
[Result "1-0"]
[WhiteElo "1800"]
[BlackElo "1738"]
[PlyCount "39"]
[EventDate "2022.07.07"]
[EventType "swiss"]
[EventRounds "6"]
[EventCountry "BRA"]
[SourceTitle "CBM 209 Extra"]
[Source "ChessBase"]
[SourceDate "2022.09.30"]
[SourceVersion "1"]
[SourceVersionDate "2022.09.30"]
[SourceQuality "1"]

1. e4 e5 2. Nf3 Nc6 3. Bb5 a6 4. Ba4 Nf6 5. 0-0 b5 6. Bb3 d6 7. d4 exd4 8. a4 Bb7 9. Ng5 Ne5 10. f4 Nc4 11. Qxd4 h6 12. Nxf7 Kxf7 13. e5 Ne4 14. axb5 axb5 15. Rxa8 Bxa8 16. e6+ Ke8 17. Re1 d5 18. Kf1 c5 19. Qd1 Bd6 20. Qh5+ 1-0